000 00544ntaaa2200193 4500
003 01
005 20251027202828.0
008 0714s1973 ag 01
040 _aAR-BaBN
_bspa
_cAR-BaBN
_eaacr
_dRIC
082 _a922.0000 B38
100 _aPetersen, William J
_928844
245 _aAnother hand on mine
250 _a1 ed.
260 _aNew York :
_bMcGraw-Hill Book Company,
_cc1967
300 _a228 p
500 _aLa historia del Dr. Carl K Becker, médico misionero entre los leprosos en Africa
650 _alepra
_928845
942 _cBK
999 _c23665
_d23665